Statistics for 厦门地铁车站地图 Xiamen Metro Map Quiz

Click here to take the quiz!

General Stats

  • This quiz has been taken 31 times
  • The average score is 11 of 15

Answers on the Map

Answers color-coded by a green-red scale on the quiz's map according to % correct below.
 

Answer Stats

LineStation% Correct
1号线 Line 1岩内 Yannei
88%
2号线 Line 2五缘湾 Wuyuanwan
83%
3号线 Line 3五缘湾 Wuyuanwan
83%
1号线 Line 1镇海路 Zhenhai Rd
83%
3号线 Line 3蔡厝 Caicuo
75%
1号线 Line 1吕厝 Lücuo
75%
2号线 Line 2吕厝 Lücuo
75%
3号线 Line 3厦门火车站 Xiamen Railway Station
75%
1号线 Line 1湖滨东路 Hubin East Rd
71%
3号线 Line 3湖滨东路 Hubin East Rd
71%
3号线 Line 3体育中心 Sports Center
71%
1号线 Line 1火炬园 Torch Hi-Tech Park
71%
3号线 Line 3火炬园 Torch Hi-Tech Park
71%
2号线 Line 2天竺山 Tianzhushan
67%
2号线 Line 2体育中心 Sports Center
54%

Score Distribution

Percentile by Number Answered

Percent of People with Each Score

Your Score History

You have not taken this quiz